Reprezentacje z najmniejszą liczbą straconych bramek w eliminacjach MŚ - Statystyki

Ogólne statystyki
  • Ten quiz został rozwiązany 45 razy
  • Średni wynik to 7 z 10
Statystyki odpowiedzi
Reprezentacja Mistrzostwa Świata Federacja Stracone bramki % Poprawnych
Hiszpania 2026 UEFA 2
87%
Anglia 2026 UEFA 0
84%
Brazylia 1970 CONMEBOL 2
82%
Australia 2002 AFC 1
68%
Australia 1998 AFC 2
68%
Australia 1994 AFC 2
68%
Nowa Zelandia 2026 OFC 1
63%
Nowa Zelandia 2022 OFC 1
63%
Holandia 2010 UEFA 2
61%
Maroko 2026 CAF 2
53%
Nie znaleziono quizów pasujących do podanych kryteriów
Rozkład punktacji
Procent ludzi z każdym wynikiem
Percentyl według liczby udzielonych odpowiedzi
Twoja historia wyników
Nie rozwiązałeś tego quizu